[Event "Mittelrhein Regionalliga 1920"]
[Site "Mittelrhein"]
[Date "2020.01.19"]
[Round "5.6"]
[White "Henrotte, Nils"]
[Black "Hess, Dennis"]
[Result "1/2-1/2"]
[WhiteElo "2013"]
[BlackElo "1893"]
[PlyCount "39"]
[EventDate "2019.09.29"]
[EventType "team-tourn"]
[EventRounds "9"]
[EventCountry "GER"]
[SourceTitle "EXT 2023"]
[Source "ChessBase"]
[SourceDate "2022.10.05"]
[SourceVersion "1"]
[SourceVersionDate "2022.10.05"]
[SourceQuality "1"]
[WhiteTeam "Herzogenrath"]
[BlackTeam "Langenfeld II"]
[WhiteTeamCountry "GER"]
[BlackTeamCountry "GER"]

1. e4 e5 2. Nf3 Nc6 3. Bc4 Bc5 4. b4 Bxb4 5. c3 Ba5 6. d4 exd4 7. Qb3 Qe7 8. 0-0 Bb6 9. e5 Na5 10. Qa4 Nxc4 11. Qxc4 Qe6 12. Qd3 Qg6 13. Qc4 Ne7 14. Ba3 d5 15. exd6 cxd6 16. Re1 Be6 17. Qb5+ Bd7 18. Qe2 Bd8 19. Nxd4 0-0 20. Nd2 1/2-1/2

[Event "Dortmund Sparkassen op 47th"]
[Site "Dortmund"]
[Date "2019.07.21"]
[Round "9"]
[White "Henrotte, Nils"]
[Black "Savchenko, Daniel"]
[Result "1/2-1/2"]
[WhiteElo "1969"]
[BlackElo "2168"]
[PlyCount "84"]
[EventDate "2019.07.13"]
[EventType "swiss"]
[EventRounds "9"]
[EventCountry "GER"]
[SourceTitle "EXT 2020"]
[Source "ChessBase"]
[SourceDate "2019.10.17"]
[SourceVersion "1"]
[SourceVersionDate "2019.10.17"]
[SourceQuality "1"]

1. e4 c5 2. Nf3 e6 3. d4 cxd4 4. Bg5 Qa5+ 5. c3 dxc3 6. Nxc3 Nc6 7. Be2 Nf6 8. 0-0 Be7 9. Bd2 Qc7 10. Nb5 Qb8 11. e5 Nxe5 12. Nxe5 Qxe5 13. Bc3 Qb8 14. f4 d6 15. Bxf6 Bxf6 16. Nxd6+ Ke7 17. Nxc8+ Rxc8 18. Qb3 Qc7 19. Kh1 Kf8 20. Bf3 Rab8 21. Be4 Kg8 22. Rad1 b6 23. Qh3 g6 24. f5 exf5 25. Bxf5 Rd8 26. Rc1 Qe5 27. Bc2 Rbc8 28. Bxg6 Rc7 29. Rxc7 Qxc7 30. Bxh7+ Kg7 31. Bb1 Rh8 32. Qg4+ Kf8 33. h3 Rg8 34. Qb4+ Be7 35. Qf4 Qxf4 36. Rxf4 Bd6 37. Rf3 Rg3 38. Rxg3 Bxg3 39. Kg1 a5 40. b3 f6 41. Kf1 Kg7 42. Ke2 Kh6 1/2-1/2

[Event "Dortmund Sparkassen op 47th"]
[Site "Dortmund"]
[Date "2019.07.16"]
[Round "4"]
[White "Rempel, Patrick"]
[Black "Henrotte, Nils"]
[Result "1-0"]
[WhiteElo "2119"]
[BlackElo "1969"]
[PlyCount "77"]
[EventDate "2019.07.13"]
[EventType "swiss"]
[EventRounds "9"]
[EventCountry "GER"]
[SourceTitle "EXT 2020"]
[Source "ChessBase"]
[SourceDate "2019.10.17"]
[SourceVersion "1"]
[SourceVersionDate "2019.10.17"]
[SourceQuality "1"]

1. d4 e6 2. c4 Nf6 3. Nf3 a6 4. g3 b5 5. b3 Bb7 6. Bg2 Bb4+ 7. Bd2 Bxd2+ 8. Nbxd2 g5 9. h3 Qc8 10. Rc1 Nc6 11. Nf1 h6 12. d5 Ne7 13. Qd4 Neg8 14. Ne3 c5 15. Qe5 Qb8 16. d6 Rh7 17. 0-0 Kf8 18. cxb5 Ne4 19. Rfd1 f6 20. Qb2 axb5 21. Qc2 Rf7 22. Ne5 fxe5 23. Bxe4 Bxe4 24. Qxe4 Rxa2 25. Ng4 Qa7 26. Nxe5 Rg7 27. Qf3+ Ke8 28. Qh5+ Kd8 29. Nf7+ Kc8 30. Nxh6 Nxh6 31. Qxh6 Rg8 32. Qh7 Rf8 33. Qg7 Rf5 34. g4 Rd5 35. Rxd5 exd5 36. Qg8+ Kb7 37. Qxd5+ Ka6 38. Kf1 Qb8 39. Qxc5 1-0

[Event "Mittelrhein Verbandsliga-W 18/19"]
[Site "Nordrheinwestfalen"]
[Date "2018.09.30"]
[Round "2.2"]
[White "Henrotte, Nils"]
[Black "Schreyer, Oliver"]
[Result "0-1"]
[WhiteElo "1952"]
[BlackElo "2028"]
[PlyCount "76"]
[EventDate "2018.09.02"]
[EventType "team-tourn"]
[EventRounds "11"]
[EventCountry "GER"]
[SourceTitle "EXT 2022"]
[Source "ChessBase"]
[SourceDate "2021.10.06"]
[SourceVersion "1"]
[SourceVersionDate "2021.10.06"]
[SourceQuality "1"]
[WhiteTeam "Eschweiler SC"]
[BlackTeam "Herzogenrath"]
[WhiteTeamCountry "GER"]
[BlackTeamCountry "GER"]

1. d4 Nf6 2. c3 g6 3. Bf4 Bg7 4. e3 0-0 5. Be2 d5 6. Nd2 Nfd7 7. Ngf3 c5 8. Qb3 Qb6 9. Qxb6 axb6 10. 0-0 Nc6 11. Bc7 e5 12. dxe5 Ncxe5 13. e4 Nxf3+ 14. Nxf3 dxe4 15. Ng5 Nf6 16. Bxb6 h6 17. Nh3 Bxh3 18. gxh3 Rfc8 19. Rfd1 Bf8 20. Bb5 Be7 21. a4 Bd8 22. Rd6 Kg7 23. Rad1 Bxb6 24. Rxb6 Rc7 25. Rdd6 Nh5 26. Rd7 Rac8 27. Rxb7 Rxb7 28. Rxb7 Nf4 29. Bc4 g5 30. a5 Rd8 31. Bb3 c4 32. Ba4 Rd2 33. a6 Nxh3+ 34. Kf1 Rxf2+ 35. Ke1 e3 36. a7 Nf4 37. Re7 Nd3+ 38. Kd1 Rd2# 0-1

[Event "Mittelrhein Verbandsliga-W 18/19"]
[Site "Nordrheinwestfalen"]
[Date "2018.09.02"]
[Round "1.3"]
[White "Pick, Stefan"]
[Black "Henrotte, Nils"]
[Result "0-1"]
[WhiteElo "1968"]
[BlackElo "1951"]
[PlyCount "46"]
[EventDate "2018.09.02"]
[EventType "team-tourn"]
[EventRounds "11"]
[EventCountry "GER"]
[SourceTitle "EXT 2022"]
[Source "ChessBase"]
[SourceDate "2021.10.06"]
[SourceVersion "1"]
[SourceVersionDate "2021.10.06"]
[SourceQuality "1"]
[WhiteTeam "Kerpen SK"]
[BlackTeam "Eschweiler SC"]
[WhiteTeamCountry "GER"]
[BlackTeamCountry "GER"]

1. Nf3 Nf6 2. c4 e6 3. Nc3 d5 4. e3 Be7 5. b3 Ne4 6. Bb2 0-0 7. Qc2 f5 8. cxd5 Nxc3 9. Bxc3 exd5 10. Be2 Nc6 11. 0-0 Bf6 12. Rac1 Qd6 13. Bb5 f4 14. Bxf6 Rxf6 15. Bxc6 bxc6 16. e4 Rg6 17. Qc5 dxe4 18. Qc4+ Be6 19. Qxe4 Bd5 20. Qd3 Qe6 21. Nh4 Qg4 22. g3 Qxh4 23. Qxg6 Qh3 0-1

[Event "Mittelrhein Verbandsliga-W 16/17"]
[Site "Nordrheinwestfalen"]
[Date "2016.09.11"]
[Round "1.1"]
[White "Voulon, Oliver"]
[Black "Henrotte, Nils"]
[Result "1-0"]
[WhiteElo "2042"]
[BlackElo "1898"]
[PlyCount "127"]
[EventDate "2016.09.11"]
[EventType "team-tourn"]
[EventRounds "11"]
[EventCountry "GER"]
[SourceTitle "EXT 2022"]
[Source "ChessBase"]
[SourceDate "2021.10.06"]
[SourceVersion "1"]
[SourceVersionDate "2021.10.06"]
[SourceQuality "1"]
[WhiteTeam "Lendersdorf"]
[BlackTeam "Eschweiler SC"]
[WhiteTeamCountry "GER"]
[BlackTeamCountry "GER"]

1. d4 d5 2. Nf3 Bf5 3. c4 e6 4. Nc3 c6 5. Qb3 Qb6 6. Qxb6 axb6 7. b3 Nf6 8. Bb2 Ne4 9. Nxe4 Bxe4 10. Nd2 Bg6 11. a3 Nd7 12. e3 Be7 13. Be2 0-0 14. 0-0 Bf6 15. f4 h5 16. g3 Nc5 17. Ra2 Bd3 18. Bxd3 Nxd3 19. Bc3 Nc5 20. Bb4 Nd7 21. Bxf8 Kxf8 22. Nf3 Be7 23. Ne5 Nf6 24. Rc1 Ke8 25. c5 bxc5 26. dxc5 Ne4 27. b4 Bf8 28. a4 Be7 29. Kf1 f6 30. Nd3 Kd7 31. Nf2 Nxf2 32. Kxf2 f5 33. Ke2 Kc7 34. Kd3 g6 35. h3 Bf6 36. Rcc2 Rd8 37. b5 d4 38. Rd2 e5 39. e4 fxe4+ 40. Kxe4 exf4 41. gxf4 Re8+ 42. Kf3 Re3+ 43. Kg2 Rc3 44. Rac2 Re3 45. b6+ Kc8 46. a5 d3 47. Rc4 Bh4 48. Rd1 Be1 49. Rd4 d2 50. Rd6 Ra3 51. Re6 Rd3 52. a6 bxa6 53. Rxc6+ Kb8 54. Re6 Rb3 55. Rxg6 Rb5 56. Rg8+ Kb7 57. Rg7+ Kb8 58. Rc7 Rb4 59. f5 Rf4 60. c6 Rf2+ 61. Kg1 Rxf5 62. Ra7 Bf2+ 63. Kg2 Bxb6 64. Rb7+ 1-0

[Event "Duesseldorf Post op 28th"]
[Site "Duesseldorf"]
[Date "2012.12.28"]
[Round "4"]
[White "Henrotte, Nils"]
[Black "Meertens, Martin"]
[Result "1/2-1/2"]
[WhiteElo "1961"]
[BlackElo "2165"]
[PlyCount "45"]
[EventDate "2012.12.26"]
[EventType "swiss"]
[EventRounds "7"]
[EventCountry "GER"]
[SourceTitle "CBM 152 Extra"]
[Source "ChessBase"]
[SourceDate "2013.02.25"]
[SourceVersion "1"]
[SourceVersionDate "2013.02.25"]
[SourceQuality "1"]

1. e3 d6 2. a3 e5 3. d4 Nd7 4. c4 Ngf6 5. Nc3 Be7 6. g3 c6 7. Bg2 0-0 8. Nge2 Re8 9. 0-0 Bf8 10. b3 Nb6 11. a4 a5 12. Ra2 Bg4 13. Rd2 e4 14. h3 h5 15. Nf4 g6 16. Ba3 Nc8 17. Qb1 Qd7 18. Kh2 Bh6 19. Nfe2 Kg7 20. d5 c5 21. Bb2 Kh7 22. Nb5 Bg7 23. Qa1 1/2-1/2

[Event "GER-ch Net qual3 U25"]
[Site "Playchess.com INT"]
[Date "2012.09.08"]
[Round "5"]
[White "Henrotte, Nils"]
[Black "Braun, Georg"]
[Result "1-0"]
[WhiteElo "1961"]
[BlackElo "2147"]
[PlyCount "57"]
[EventDate "2012.09.08"]
[EventType "swiss (blitz)"]
[EventRounds "7"]
[EventCountry "GER"]
[SourceTitle "CBM 150 Extra"]
[Source "ChessBase"]
[SourceDate "2012.10.19"]
[SourceVersion "1"]
[SourceVersionDate "2012.10.19"]
[SourceQuality "1"]

1. c4 c5 2. Nc3 Nc6 3. g3 g6 4. Bg2 Bg7 5. a3 b6 6. b4 Bb7 7. Bb2 Nf6 8. d3 0-0 9. Nf3 cxb4 10. axb4 Nxb4 11. Qb3 Nc6 12. 0-0 d6 13. e3 Qc8 14. Rfd1 Nd7 15. Nd5 e6 16. Bxg7 Kxg7 17. Qb2+ Kg8 18. Nc3 Ne7 19. Nb5 Qb8 20. Qb4 Nc8 21. Ng5 Bxg2 22. Kxg2 a6 23. Qa3 Qb7+ 24. f3 Qc6 25. Ne4 Nc5 26. Nd4 Qd7 27. Nf6+ Kg7 28. Nxd7 Nxd7 29. Nb5 1-0

[Event "Cologne Longerich op 09th"]
[Site "Cologne"]
[Date "2012.08.05"]
[Round "4"]
[White "Henrotte, Nils"]
[Black "Fieberg, Samuel"]
[Result "1/2-1/2"]
[WhiteElo "1885"]
[BlackElo "1745"]
[PlyCount "108"]
[EventDate "2012.08.03"]
[EventType "tourn"]
[EventRounds "5"]
[EventCountry "GER"]
[SourceTitle "EXT 2017"]
[Source "ChessBase"]
[SourceDate "2016.10.25"]
[SourceVersion "1"]
[SourceVersionDate "2016.10.25"]
[SourceQuality "1"]

1. c4 e5 2. Nc3 Nf6 3. g3 c6 4. d4 exd4 5. Qxd4 d5 6. Bg2 Be6 7. cxd5 Nxd5 8. Nf3 c5 9. Qa4+ Qd7 10. Ng5 Nxc3 11. Qxd7+ Nxd7 12. Nxe6 fxe6 13. bxc3 0-0-0 14. Rb1 b6 15. 0-0 g6 16. Bg5 Re8 17. Rfd1 Kc7 18. Bf4+ e5 19. Bg5 Bg7 20. e4 h6 21. Be3 h5 22. f3 Bh6 23. Bf2 Rd8 24. Rd5 Rhe8 25. Rbd1 Nf6 26. R5d3 Rxd3 27. Rxd3 Rd8 28. Rxd8 Kxd8 29. Be1 c4 30. Kf2 Kd7 31. Bf1 b5 32. Ke2 Kd6 33. Bf2 a6 34. Ba7 Nd7 35. Bh3 Bg5 36. Kd1 a5 37. Kc2 Kc6 38. Be6 Be7 39. Bf7 Nf8 40. Bb8 Bd6 41. Be8+ Nd7 42. Bxd6 Kxd6 43. Bxg6 Nf6 44. a3 Kc5 45. h4 b4 46. axb4+ axb4 47. cxb4+ Kxb4 48. f4 exf4 49. gxf4 c3 50. e5 Nd5 51. e6 Kc5 52. Be4 Nc7 53. f5 Kd6 54. Kxc3 Nxe6 1/2-1/2

[Event "Cologne Longerich op 09th"]
[Site "Cologne"]
[Date "2012.08.05"]
[Round "5"]
[White "Marzec, Witold"]
[Black "Henrotte, Nils"]
[Result "0-1"]
[WhiteElo "1732"]
[BlackElo "1885"]
[PlyCount "38"]
[EventDate "2012.08.03"]
[EventType "tourn"]
[EventRounds "5"]
[EventCountry "GER"]
[SourceTitle "EXT 2017"]
[Source "ChessBase"]
[SourceDate "2016.10.25"]
[SourceVersion "1"]
[SourceVersionDate "2016.10.25"]
[SourceQuality "1"]

1. d4 Nf6 2. c4 e6 3. Nf3 c5 4. d5 b5 5. b3 exd5 6. cxd5 d6 7. e3 a6 8. Bd3 Bb7 9. e4 Be7 10. 0-0 0-0 11. Bb2 Nbd7 12. Nfd2 Ne8 13. Re1 Bf6 14. Qc2 Ne5 15. Bf1 Rc8 16. f4 Ng4 17. h3 c4 18. hxg4 c3 19. Nxc3 Bd4+ 0-1

[Event "Dortmund Sparkassen op-B"]
[Site "Dortmund"]
[Date "2012.07.19"]
[Round "6"]
[White "Henrotte, Nils"]
[Black "Stricker, Florian"]
[Result "1-0"]
[WhiteElo "1891"]
[BlackElo "1674"]
[PlyCount "51"]
[EventDate "2012.07.14"]
[EventType "swiss"]
[EventRounds "9"]
[EventCountry "GER"]
[SourceTitle "EXT 2014"]
[Source "ChessBase"]
[SourceDate "2013.11.20"]
[SourceVersion "1"]
[SourceVersionDate "2013.11.20"]
[SourceQuality "1"]

1. e4 g6 2. h4 e5 3. h5 g5 4. Bc4 d6 5. Nc3 c6 6. d3 Nd7 7. a4 h6 8. Be3 f5 9. Bxg8 Rxg8 10. Bd2 Nf6 11. f3 Be6 12. g4 Qd7 13. Nge2 d5 14. Ng3 d4 15. Nce2 Rg7 16. Nxf5 Bxf5 17. exf5 Qd5 18. Ng3 Nxg4 19. Ne4 0-0-0 20. fxg4 c5 21. 0-0 c4 22. Qe2 Rc7 23. Rac1 c3 24. bxc3 dxc3 25. Be3 Rc6 26. Rb1 1-0

[Event "Dortmund Sparkassen op-B"]
[Site "Dortmund"]
[Date "2012.07.15"]
[Round "2"]
[White "Henrotte, Nils"]
[Black "Wichtrup, Jan Louis"]
[Result "1/2-1/2"]
[WhiteElo "1891"]
[BlackElo "1551"]
[PlyCount "41"]
[EventDate "2012.07.14"]
[EventType "swiss"]
[EventRounds "9"]
[EventCountry "GER"]
[SourceTitle "EXT 2014"]
[Source "ChessBase"]
[SourceDate "2013.11.20"]
[SourceVersion "1"]
[SourceVersionDate "2013.11.20"]
[SourceQuality "1"]

1. e4 e5 2. Bb5 Nf6 3. d4 c6 4. dxe5 Nxe4 5. Be2 Bc5 6. Nh3 d5 7. 0-0 Bxh3 8. gxh3 Qh4 9. Qe1 Nd7 10. Nc3 Nxe5 11. Nxe4 dxe4 12. Qc3 Bd6 13. Rd1 Nd3 14. Bxd3 Qxh3 15. f4 Qg4+ 16. Kf2 Qxd1 17. Bxe4 0-0-0 18. Bf3 Bb4 19. Bxd1 Bxc3 20. Bg4+ Kc7 21. bxc3 1/2-1/2

[Event "Maastricht Limburg op-B 6th"]
[Site "Maastricht"]
[Date "2012.05.27"]
[Round "4"]
[White "Blijlevens, Pim"]
[Black "Henrotte, Nils"]
[Result "1-0"]
[WhiteElo "1920"]
[BlackElo "1969"]
[PlyCount "57"]
[EventDate "2012.05.25"]
[EventType "swiss"]
[EventRounds "7"]
[EventCountry "NED"]
[SourceTitle "EXT 2013"]
[Source "ChessBase"]
[SourceDate "2012.11.22"]
[SourceVersion "1"]
[SourceVersionDate "2012.11.22"]
[SourceQuality "1"]

1. d4 e6 2. c4 Nf6 3. Nf3 c5 4. g3 cxd4 5. Nxd4 Bc5 6. Bg2 Qb6 7. e3 h5 8. h3 Qc7 9. b3 a6 10. 0-0 Nc6 11. Bb2 Ba7 12. Nc3 h4 13. g4 Bb8 14. f4 Nxd4 15. Qxd4 e5 16. Qd3 exf4 17. exf4 0-0 18. Nd5 Nxd5 19. Bxd5 Kh8 20. Rae1 d6 21. Qc3 f6 22. Qd3 Ba7+ 23. Kh2 f5 24. g5 Kh7 25. Qf3 g6 26. Re2 Be6 27. Rxe6 Rae8 28. Rfe1 Qd7 29. Qe2 1-0

[Event "BEL-ch U18/20"]
[Site "Bruges"]
[Date "2012.04.09"]
[Round "3"]
[White "Henrotte, Nils"]
[Black "Boodts, Jeroen"]
[Result "1-0"]
[WhiteElo "1966"]
[BlackElo "1560"]
[PlyCount "43"]
[EventDate "2012.04.08"]
[EventType "swiss"]
[EventRounds "9"]
[EventCountry "BEL"]
[SourceTitle "CBM 147 Extra"]
[Source "ChessBase"]
[SourceDate "2012.04.24"]
[SourceVersion "1"]
[SourceVersionDate "2012.04.24"]
[SourceQuality "1"]

1. e4 d6 2. d4 g6 3. Nc3 Bg7 4. Be3 Nf6 5. Qd2 0-0 6. 0-0-0 Nbd7 7. f3 c6 8. h4 h5 9. Nh3 b5 10. e5 b4 11. Ne2 Nd5 12. g4 hxg4 13. fxg4 dxe5 14. Bh6 N7b6 15. Bxg7 Kxg7 16. dxe5 Bxg4 17. Qd4 Qd7 18. e6+ f6 19. exd7 Bxd7 20. h5 c5 21. Qg1 g5 22. Nxg5 1-0

[Event "BEL-ch U18/20"]
[Site "Bruges"]
[Date "2012.04.09"]
[Round "2"]
[White "Vandelacluze, Ian"]
[Black "Henrotte, Nils"]
[Result "1/2-1/2"]
[WhiteElo "1978"]
[BlackElo "1966"]
[PlyCount "68"]
[EventDate "2012.04.08"]
[EventType "swiss"]
[EventRounds "9"]
[EventCountry "BEL"]
[SourceTitle "CBM 147 Extra"]
[Source "ChessBase"]
[SourceDate "2012.04.24"]
[SourceVersion "1"]
[SourceVersionDate "2012.04.24"]
[SourceQuality "1"]

1. e4 e6 2. d4 d5 3. Nc3 Bb4 4. e5 c5 5. a3 Bxc3+ 6. bxc3 Ne7 7. Qg4 Qc7 8. Qxg7 Rg8 9. Qxh7 cxd4 10. Ne2 Nbc6 11. f4 Bd7 12. Qd3 dxc3 13. Qxc3 Nf5 14. Ng3 d4 15. Qd3 Nce7 16. Ne4 Nd5 17. h3 0-0-0 18. g4 Nfe3 19. Bxe3 Nxe3 20. Nd6+ Kb8 21. Rb1 Bc6 22. Rh2 f6 23. Qxd4 fxe5 24. fxe5 Nxf1 25. Kxf1 Rgf8+ 26. Kg1 Rf3 27. Rb3 Rxb3 28. cxb3 Bd5 29. Qe3 Bxb3 30. Qxb3 Qc1+ 31. Kg2 Qd2+ 32. Kg3 Qe1+ 33. Kf4 Rf8+ 34. Nf5 exf5 1/2-1/2

[Event "BEL-ch U18/20"]
[Site "Bruges"]
[Date "2012.04.08"]
[Round "1"]
[White "Henrotte, Nils"]
[Black "Esser, Stefan"]
[Result "1/2-1/2"]
[WhiteElo "1966"]
[BlackElo "1594"]
[PlyCount "57"]
[EventDate "2012.04.08"]
[EventType "swiss"]
[EventRounds "9"]
[EventCountry "BEL"]
[SourceTitle "CBM 147 Extra"]
[Source "ChessBase"]
[SourceDate "2012.04.24"]
[SourceVersion "1"]
[SourceVersionDate "2012.04.24"]
[SourceQuality "1"]

1. e4 e5 2. Nc3 Bc5 3. Bc4 Nf6 4. d3 0-0 5. f4 exf4 6. Bxf4 Nc6 7. Nge2 d6 8. d4 Bb6 9. Qd2 Bg4 10. Be3 Re8 11. Ng3 Ba5 12. 0-0 Bxc3 13. bxc3 d5 14. e5 Nh5 15. Bd3 Nxg3 16. hxg3 Qd7 17. Rf2 Rf8 18. Bg5 Ne7 19. Raf1 b6 20. c4 c6 21. cxd5 Nxd5 22. c4 Nc7 23. Qf4 Rae8 24. Bf6 Bh5 25. Bxg7 Kxg7 26. Qf6+ Kg8 27. Qh6 Bg6 28. Bxg6 hxg6 29. Rf4 1/2-1/2

[Event "Dortmund Sparkassen op-A"]
[Site "Dortmund"]
[Date "2011.07.25"]
[Round "3"]
[White "Schorra, Helmut"]
[Black "Henrotte, Nils"]
[Result "1-0"]
[WhiteElo "2110"]
[BlackElo "1951"]
[PlyCount "53"]
[EventDate "2011.07.23"]
[EventType "swiss"]
[EventRounds "9"]
[EventCountry "GER"]
[SourceTitle "CBM 143 Extra"]
[Source "ChessBase"]
[SourceDate "2011.08.29"]
[SourceVersion "1"]
[SourceVersionDate "2011.08.29"]
[SourceQuality "1"]

1. d4 Nf6 2. Nf3 d5 3. c4 e6 4. Nc3 Nbd7 5. Bg5 Bb4 6. e3 c5 7. cxd5 exd5 8. Qc2 Qa5 9. Bd3 c4 10. Bf5 h6 11. Bxf6 Nxf6 12. Bxc8 Rxc8 13. 0-0 0-0 14. Ne5 Bd6 15. f4 b5 16. a3 a6 17. Qf5 Qd8 18. Rf3 Qe7 19. Rg3 Qe6 20. Qc2 Rcd8 21. Rf1 Nd7 22. f5 Qe8 23. f6 g5 24. Rf5 Bxe5 25. Rfxg5+ Kh8 26. Rh3 Bxh2+ 27. Kxh2 1-0

[Event "Dortmund Sparkassen op-A"]
[Site "Dortmund"]
[Date "2011.07.24"]
[Round "2"]
[White "Henrotte, Nils"]
[Black "Beutelhoff, Josef"]
[Result "1/2-1/2"]
[WhiteElo "1951"]
[BlackElo "2128"]
[PlyCount "72"]
[EventDate "2011.07.23"]
[EventType "swiss"]
[EventRounds "9"]
[EventCountry "GER"]
[SourceTitle "CBM 143 Extra"]
[Source "ChessBase"]
[SourceDate "2011.08.29"]
[SourceVersion "1"]
[SourceVersionDate "2011.08.29"]
[SourceQuality "1"]

1. d4 Nf6 2. c3 d5 3. Bf4 Bf5 4. e3 c6 5. Qb3 Qb6 6. Qxb6 axb6 7. Nd2 b5 8. Be2 Nbd7 9. a3 e6 10. Rc1 Nb6 11. Bd1 Na4 12. Bxa4 Rxa4 13. Ngf3 h6 14. h3 Ne4 15. Nxe4 Bxe4 16. 0-0 f6 17. Nd2 Bh7 18. f3 g5 19. Bg3 Bg7 20. e4 0-0 21. exd5 cxd5 22. Rfe1 Re8 23. Nb3 b6 24. h4 gxh4 25. Bxh4 h5 26. Bf2 Bf5 27. Be3 Ra7 28. Kf2 Bf8 29. Rh1 Rh7 30. Rce1 Bd6 31. g3 Ree7 32. Rh4 Reg7 33. Bf4 Be7 34. Rh2 Bd8 35. Nd2 Re7 36. Nf1 Bg6 1/2-1/2